| 000 | 00872nas a2200301 4500 | ||
|---|---|---|---|
| 001 | BR7307007 | ||
| 003 | BR-BrBNA | ||
| 005 | 20231205082628.0 | ||
| 007 | ta | ||
| 008 | 230509b bl.|||p| |||| 00| 00por d | ||
| 040 |
_aBR-BrBNA _bpor _cBiblioteca Nacional de Agricultura |
||
| 041 | _a(Pt) | ||
| 072 | _aF60; F30 | ||
| 100 | 1 | _aAndrade, M.A. de | |
| 100 | 1 | _aSpehar, C.R. | |
| 100 | 1 | _aLima, L.A. de P. | |
| 245 | 1 | _aTaxa de alogamia em dois cultivares de soja (Glycine max, L. Merril)em Lavras, Minas Gerais [Brasil] | |
| 650 | _aFISIOLOGIA VEGETAL | ||
| 650 | _aBIOQUIMICA VEGETAL | ||
| 650 | _aSOJA | ||
| 650 | _aPOLINIZACAO | ||
| 650 | _aFLORACAO | ||
| 650 | _aLAVRAS | ||
| 650 | _aMINAS GERAIS | ||
| 773 | 0 |
_tAgros (Brazil) _xISSN 0365-2742 _g(1973), v. 3(1) p. 13-17 _wBR7307007 |
|
| 909 |
_a202311 _bLúcia _c55 _dLúcia Elande |
||
| 942 |
_2AGRIS _n0 _cANA |
||
| 999 |
_c93356 _d93356 |
||